| Поле | Инд. | ПП | Название | Значение |
|---|---|---|---|---|
| Тип записи | a | |||
| Библиографический уровень | m | |||
| 001 | Контрольный номер | RU/IS/BASE/433522400 | ||
| 005 | Дата корректировки | 20131220011621.6 | ||
| 080 | a | Индекс УДК | 947.0 | |
| 084 | a | Индекс другой классификации/Индекс ББК | Т3(2)45 | |
| 090 | a | Полочн. индекс | 9(47) | |
| x | Авторский знак | П37 | ||
| 100 | 1_ | a | Автор | Платонов Сергей Федорович |
| d | Дата | 1860-1933 | ||
| q | Полное имя | С. Ф. Платонов | ||
| 245 | 10 | a | Заглавие | Очерки по истории Смуты в Московском государстве XVI-XVII вв. |
| b | Продолж. заглавия | (опыт изучения общественного строя и сословных отношений в Смутное время) | ||
| 246 | 05 | a | Другая форма заглавия | Записки историко-филологического факультета императорского Санк-Петербургского университета |
| 250 | a | Основные сведения об издании | Изд. 2-е | |
| 260 | 0_ | a | Место издания | Санкт-Петербург |
| b | Издательство | типография И. Н. Скороходова | ||
| c | Дата издания | 1901 | ||
| 300 | a | Объем | XII, 520 с., [1] л. к. | |
| c | Размеры | 22 см | ||
| 561 | a | История (примечание) | Из коллекции Школы Максимовича | |
| 650 | a | Основная рубрика | Русское государство | |
| x | Основная подрубрика | История | ||
| y | Хронологическая подрубрика | 16-17 вв. | ||
| 653 | a | Ключевые слова | 16 в. | |
| a | Ключевые слова | 17 в. | ||
| a | Ключевые слова | Гермоген (патриарх), о нем | ||
| a | Ключевые слова | История России | ||
| a | Ключевые слова | Московское государство | ||
| a | Ключевые слова | Россия | ||
| a | Ключевые слова | Симеон Бекбулатович, о нем | ||
| a | Ключевые слова | Смутное время | ||
| 852 | x | Примечание, не предназначенное для пользователя | Школа Максимовича | |
| x | Примечание, не предназначенное для пользователя | Твер. ин-т нар. просвещения | ||
| 901 | t | Тип документа | m | |
| 920 | a | Оператор | Дауи | |
| 954 | a | Дата поступления на обработку | 20132509 |